00470 2200181 4500245005700000020002200057250001100079100001900090700000900109700002500118650001700143005001900160260004100179041001400220084001300234300003200247336000900279 aArakure - The Wild Ones Vol. 4cFujiwara, KiyohText a978-602-00-2143-0 aCet. 1 aFujiwara, Kiyo aNein aNina Siti Aminingsih aKomik Jepang a20230414115326 aJakartabElex Media Komputindoc2012 aIndonesia a741.5592 a... jil. :bilus. ;c17 cm. atext